Chess
| Main Author: | |
|---|---|
| Format: | Book |
| Published: |
London :
Blandford ,
1995
|
| Series: | Play the game
|
| Subjects: |
MARC
| LEADER | 00000cam a2200000 7i4500 | ||
|---|---|---|---|
| 001 | 0000016717 | ||
| 002 | 000018239 | ||
| 005 | 20000330.0 | ||
| 020 | |a 0713724447 | ||
| 090 | 0 | 0 | |a 794.1 |b FIL |
| 100 | 1 | |a Filtness, Charles | |
| 245 | 1 | 0 | |a Chess |c Charles Filtness |
| 260 | |a London : |b Blandford , |c 1995 | ||
| 300 | |a 80p. ; |c 12cm. | ||
| 490 | 0 | |a Play the game | |
| 650 | 0 | 0 | |a Chess |
| 999 | |a 00069081 |b BUKU |c PINJAMAN |e PERPUSTAKAAN KOMUNITI PETALING JAYA | ||
| 999 | |a 00069082 |b BUKU |c PINJAMAN |e PERPUSTAKAAN KOMUNITI PETALING JAYA | ||